Language Quiz

Random Language Quiz

Things Brandon Moore would say Quiz Stats

 Plays Quiz not verified by Sporcle

Challenge
Share
Tweet
Embed
Score 0/5 Timer 10:00
0 Plays Today
Hint Answer % Correct
Where do you work?Pizza hut
100%
How many assignments you done?None
100%
Who have you been friendzoned by?Beth Gresty
100%
Hi Brandon!HIYA
83.3%
Coming into college today?Not well pal
50%

You're not logged in!

Compare scores with friends on all Sporcle quizzes.
Join for Free
OR
Log In

You Might Also Like...

Show Comments

Extras

Created May 11, 2015ReportNominate
Tags:moore

Top Quizzes Today


Score Distribution

Your Account Isn't Verified!

In order to create a playlist on Sporcle, you need to verify the email address you used during registration. Go to your Sporcle Settings to finish the process.

Report this User

Report this user for behavior that violates our Community Guidelines.

Details: